000 01171nam0a22002771 4500
001 rc\4575896
005 20250612122610.0
021 _aRU
_b[63-30614ж]
035 _a(NLR Aleph) 008654332
090 _a9021831
_c9021831
100 _a20130416d1963 |||y0rusy50 ca
101 0 _arus
102 _aRU
105 _aa z |||||
200 1 _aМатериалы по интродукции и акклиматизации растений
_e[Сборник статей
_fРед. коллегия: ... А.В. Паравян (отв. ред.) и др.]
210 _aАлма-Ата
_cИзд-во Акад. наук КазССР
_d1963
215 _a199 с., 1 л. ил.
_cил.
_d21
225 1 _aАкадемия наук КазССР. Труды Института ботаники
_vТ. 17
320 _aБиблиогр. в конце статей
606 _aРастения
_xАкклиматизация и интродукция
_yКазахская ССР
_2psbo
702 1 _aПаравян
_bА.В.
_gАрарат Вартазарович
_4340
801 0 _aRU
_bNLR
_gpsbo
801 1 _aRU
_bELAR
_2rusmarc
852 _aNLR
_jП7/635
942 _cBOOK
980 _aNB